Dutch Verbs - Statistics

General Stats
  • This quiz has been taken 16 times
  • The average score is 21 of 27
Answer Stats
Dutch English % Correct
dansen dance
100%
drinken drink
100%
eten eat
100%
zingen sing
100%
doen do
93%
gaan go
93%
spreken speak
93%
werken work
93%
rennen run
86%
zwemmen swim
86%
willen want
86%
leven live
79%
spelen play
79%
denken think
79%
schrijven write
79%
kopen buy
71%
vliegen fly
71%
zien see
71%
verkopen sell
71%
slapen sleep
71%
reizen travel
71%
betalen pay
64%
luisteren listen
57%
roken smoke
57%
tellen count
43%
uitgeven spend
36%
onderwijzen teach
36%
No matching quizzes found
Score Distribution
Percent of People with Each Score
Percentile by Number Answered
Your Score History
You have not taken this quiz